An impact assessment of icds in Meghalaya: (Record no. 163332)

MARC details
000 -LEADER
fixed length control field 00733nam a2200205 4500
005 - DATE AND TIME OF LATEST TRANSACTION
control field 20190410130122.0
010 ## - LCCN (DPL NO)
LC control number ENG125038
020 ## - INTERNATIONAL STANDARD BOOK NUMBER
International Standard Book Number 9788189762612
Terms of availability 200.00
035 ## - SYSTEM CONTROL NUMBER
System control number EN-108570
037 ## - SOURCE OF ACQUISITION
Source of stock number/acquisition DBAD/PUB
082 ## - DEWEY DECIMAL CLASSIFICATION NUMBER
Classification number 362.709
100 ## - MAIN ENTRY--PERSONAL NAME
Personal name Chowdhury,Madhusmita
245 ## - TITLE STATEMENT
Title An impact assessment of icds in Meghalaya:
Remainder of title strengths and scope for growth/
Statement of responsibility, etc by Madhusmita Chowdhury [and] Meenal Tula
260 ## - PUBLICATION, DISTRIBUTION, ETC. (IMPRINT)
Place of publication, distribution, etc New Delhi
Name of publisher, distributor, etc North Eastern Social Research Centre
Date of publication, distribution, etc 2017
270 ## - ADDRESS
Address B1/2 Malviya Nagar, ground floor,
City New Delhi
Postal code 110017
Telephone number 011-26674688
Electronic mail address info@haqcrc.org
300 ## - PHYSICAL DESCRIPTION
Extent xv;184p.
Dimensions 23cms(Pbk)
500 ## - GENERAL NOTE
General note it includes references
700 ## - ADDED ENTRY--PERSONAL NAME
Personal name Tula, Meenal
942 ## - ADDED ENTRY ELEMENTS (KOHA)
Source of classification or shelving scheme Dewey Decimal Classification
Item type English Books
Classification part 362.709
Call number suffix CHO
Holdings
Withdrawn status Lost status Not for loan Collection code Home library Current library Date acquired Source of acquisition Cost, normal purchase price Full call number Barcode Copy number Cost, replacement price Koha item type
    Not For Loan Non-fiction D.B.Act.Division Ashok Vihar 10/04/2019 DBAD/PUB 200.00 362.709 CHO EN-108570 1 200.00 English Books

© Delhi Public Library
Hit Counter
free hit counter